000 00477nam a2200181Ia 4500
003 GCL
008 140319s9999 xx 000 0 eng d
040 _aGCL /
_cGCL
082 0 4 _a628.092
_bM E
100 1 _aMCMULLAN, R.
245 1 0 _aENVIRONMENTAL SCIENCE IN BUILDING., 3rd /
_cMCMULLAN, R.
260 _a[S.N] :
_bTHE MACMILLAN PRESS LTD. ،
_c1992
300 _a332 P
650 0 4 _aENVIRONMENT
650 0 4 _aBUILDING
650 0 4 _aSTRUCTURAL DESIGN
942 _2ddc
_cBK
999 _c16732
_d16732